000
00254 a2200097 4500
001
15097
100
_a
Donnely Des
245
_a
The march wind explorations behind the iron curtain
260
_a
London
_b
Oxford university press
_c
090
_c
11848
_d
11848
942
_a
NUST-CAE
_c
M
_c
2056
999
_c
250170
_d
250170